000 02083cam0 2200445 ib4500
001 BY-NLB-br0001585700
005 20260326152338.0
010 ^a978-985-90496-6-8
035 ^a(BY-MI0000)BY-NLB-br0001585700
100 ^a20191021d2020 bc y0bely50 ca
101 1 ^abel
^cswe
102 ^aBY
105 ^aa z 000oy
109 ^ama
181 0 ^ai1
181 0 ^ab3
^b b2e
182 0 ^an
200 1 ^aА ты так можаш, Пэтсан?
^e[казка
^eдля чытання дарослымі дзецям]
^fСвэн Нурдквіст
^gпераклад са шведскай Н. Кандрусевіч
^g[мастак С. Нурдквіст]
203 ^aТекст
^aИзображение
^bнеподвижное
^bдвухмерное
^cнепосредственные
210 ^aМінск
^cKOSKA
^cКандрусевіч Надзея
^d2020
215 ^a[21] с.
^cкаляр. іл.
^d25 см
333 ^a0+
345 ^91000 экз.
608 ^3BY-NLB-ar9020
^aДЗІЦЯЧАЯ І ЮНАЦКАЯ ЛІТАРАТУРА (мастацкі твор)
^2BYGNR
608 ^aДЕТСКАЯ И ЮНОШЕСКАЯ ЛИТЕРАТУРА (художеств. произведение)
^3BY-NLB-ar9019
^2BYGNR
608 ^3BY-NLB-ar16441
^aЛІТАРАТУРНАЯ КАЗКА
^2BYGNR
608 ^aЛИТЕРАТУРНАЯ СКАЗКА
^3BY-NLB-ar16440
^2BYGNR
615 ^3BY-SEK-ar1826174
^aБелорусский национальный документ
686 ^a84(4Шве)
^2rubbk
690 ^a1
^2Base
^9BY-MI0000
^xRSEK
700 1 ^3BY-SEK-ar5241131
^aНурдквіст
^bС.
^4440
702 1 ^3BY-SEK-ar5241132
^aКандрусевіч
^bН. К.
^gНадзея Канстанцінаўна
^cперакладчыца
^cвыдавец
^fнар. 1985
^4730
801 0 ^aBY
^bBY-HM0000
^c20181004
^gRCR
801 2 ^aBY
^bBY-HR0000
^c20210108
^gRCR
801 2 ^aBY
^bBY-HR0002
^c20221209
^gRCR
801 2 ^aBY
^bBY-MI0000
^c20260316
^gRCR
899 0 ^aBY-MI0000
^iН90
^h84(4Шве)